Propuesta de gestión ambiental en el Barrio San Antonio y el reparto José A. Sánchez- Jinotepe, Carazo
Presenta un análisis de la situación en la que se encuentran los sistemas o programas de gestión ambiental de cada uno de los actores involucrados en el desarrollo y actividades de la zona de estudio, debido a que la zona de estudio es un área relativamente pequeña, concretamente dos barrios lo...
| Main Author: | |
|---|---|
| Other Authors: | |
| Format: | Tesis Section = Libro |
| Language: | Undetermined Spanish |
| Published: |
Managua
UNI
2007
|
| Subjects: |
| LEADER | 01184nam a2200265Ia 4500 | ||
|---|---|---|---|
| 008 | 240830s9999 xx 000 0 und d | ||
| 040 | |a BIBLIOTECA-RUSB/ T.Mon 333.7 G152 | ||
| 041 | |a spa | ||
| 082 | |a T.Mon 333.7 G152 | ||
| 100 | 1 | |a Galeano Rodríguez, Juan Carlos | |
| 245 | 1 | 0 | |a Propuesta de gestión ambiental en el Barrio San Antonio y el reparto José A. Sánchez- Jinotepe, Carazo |
| 260 | |a Managua |b UNI |c 2007 | ||
| 300 | |a 79 p. :il. | ||
| 500 | |a Contiene: anexos. | ||
| 502 | |a Tesis (Arquitecto) - UNI, 2007. | ||
| 520 | 3 | |a Presenta un análisis de la situación en la que se encuentran los sistemas o programas de gestión ambiental de cada uno de los actores involucrados en el desarrollo y actividades de la zona de estudio, debido a que la zona de estudio es un área relativamente pequeña, concretamente dos barrios localizados en el casco urbano de la ciudad de Jinotepe. | |
| 650 | 7 | |a GESTION AMBIENTAL | |
| 650 | 7 | |b LEGISLACION AMBIENTAL | |
| 650 | 7 | |c POLITICA AMBIENTAL | |
| 650 | 7 | |d PLANIFICACION AMBIENTAL | |
| 650 | 7 | |e CONTAMINACION DEL SUELO | |
| 700 | 1 | |a Tutor: |b Rosales Rivera, Benjamin | |
| 942 | |c BK |2 ddc | ||
| 991 | |a TESIS | ||
| 999 | |c 21677 | ||